| 000 | 00782naa a22002657a 4500 | ||
|---|---|---|---|
| 001 | BR7602880 | ||
| 003 | BR-BrBNA | ||
| 005 | 20250714141733.0 | ||
| 007 | ta | ||
| 008 | 250630b bl.|||m| |||| 00| 0 por d | ||
| 040 |
_aBR-BrBNA _bpor _cBiblioteca Nacional de Agricultura |
||
| 041 | _a(Pt) | ||
| 072 | _aP05 | ||
| 090 | _aP05 BR7602880 | ||
| 100 | 1 | _aD'Avila, S.G. | |
| 100 | 1 | _aZwanziger, M.G. | |
| 245 | 1 | _aHidrogenio como combustivel e vetor energetico | |
| 500 | _aEnergia do Brasil Goldemberg, J. (ed.) Sao Paulo, SP (Brasil): 1976. p. 147-156 (BR7602880-AMS) | ||
| 650 | _aRecurso energetico | ||
| 650 | _aHidrogenio | ||
| 650 | _aCombustivel | ||
| 490 |
_aPublicacao ACIESP (Brazil) _vno. 2 |
||
| 942 |
_cAMS _2AGRIS |
||
| 909 |
_a202506 _bLúcia _c55 _dLúcia Elande |
||
| 999 |
_c332979 _d332979 |
||